Langenscheidts Taschenwörterbuch der italienischen und deutschen Sprache Teil 1, Italiensich-Deutsch
Uložené v:
| Hlavný autor: | |
|---|---|
| Médium: | Kniha |
| Jazyk: | German Italian |
| Vydané: |
Berlin :
Langenscheidtsche Verlagsbuchhandlung,
1970.
|
| Vydanie: | 1. Aufl. |
| ISBN: |
(viaz.) |
| Fyzický popis: |
516 s. |
| Tagy: |
Pridať tag
Žiadne tagy, Buďte prvý kto otaguje tento záznam!
|
Titul je dostupný aj v ... 

MARC
| LEADER | 00000nam a22000004a 4500 | ||
|---|---|---|---|
| 001 | 000424607 | ||
| 005 | 20130629200304.0 | ||
| 008 | 130629s1970 gw e 000 0 ger d | ||
| 020 | |a (viaz.) | ||
| 040 | |a SVKKK |b slo |c SVKKK |e AACR2 | ||
| 041 | 0 | |a ger |a ita | |
| 044 | |a gw |c DE | ||
| 100 | 1 | |a Stoff, Rudolf | |
| 245 | 1 | 0 | |a Langenscheidts Taschenwörterbuch der italienischen und deutschen Sprache |n Teil 1, |p Italiensich-Deutsch |c Rudolf Stoff. |
| 250 | |a 1. Aufl. | ||
| 260 | |a Berlin : |b Langenscheidtsche Verlagsbuchhandlung, |c 1970. | ||
| 300 | |a 516 s. | ||
| 546 | |a Súbežný názov aj talian. | ||
| 787 | 0 | 8 | |i Obsahuje príväzok |a Stoff, Rudolf |t Langenscheidts Taschenwörterbuch der italienischen und deutschen Sprache. Teil 2. Deutsch-Italienisch |h 466 s. |d Berlin : Langenscheidtsche Verlagsbuchhandlung, 1940 |
| 910 | |a svkkk | ||
| 998 | |a BK | ||
| 090 | |g SCKHL |k Sklad Hlavná 10 suterén |a I.42928 |j 505641 |i 2720622305 |s Absenčne | ||